Guess the historical people from the picture 4 - Statistics

General Stats
  • This quiz has been taken 103 times
  • The average score is 8 of 16
Answer Stats
Picture Answer % Correct
Napoleon Bonaparte
95%
Ludwig Van Beethoven
93%
Marilyn Monroe
92%
King Tutankhamun
87%
Vincent Van Gogh
85%
Charles Darwin
78%
Elizabeth I
78%
Franklin Roosevelt
73%
Friedrich Nietzsche
25%
Mary Shelley
18%
J.R.R. Tolkien
14%
Anne Neville
5%
Hürrem Sultan
4%
Hypatia of Alexandria
4%
Saint Olga of Kyiv
2%
Wang Zhenyi
2%
No matching quizzes found
Score Distribution
Percent of People with Each Score
Percentile by Number Answered
Your Score History
You have not taken this quiz